00589nam a2200205 a 4500001001300000003000900013005001700022008004100039020001000080082001500090100002900105245007500134260003800209300000900247500003500256505002400291650001900315650002000334700002900354nice12345678IN_TiNIC20260116013509.0050524s1980 cana grp 000 0 eng  ac40000a297.8bRIZ aRizvi, Sajid Athar Abbas aShah Waliullah and His Timesb a Study of Eighteenth Century Islam.... aCanberrabMarifat Pub.Housec1980 a452p aincludes index and biblioraphy2 aBibliography, Index aShah Waliullah aIslam-Movements1 aRizvi, Sajid Athar Abbas